MARC details
| 000 -CABECERA |
| campo de control de longitud fija |
00932nam a2200277 a 4500 |
| 003 - IDENTIFICADOR DEL NÚMERO DE CONTROL |
| campo de control |
MX-MxUPN |
| 005 - FECHA Y HORA DE LA ÚLTIMA TRANSACCIÓN |
| campo de control |
20241001063845.0 |
| 008 - ELEMENTOS DE LONGITUD FIJA--INFORMACIÓN GENERAL |
| campo de control de longitud fija |
991125s1932 sp fr 000 0 spa d |
| 035 ## - NÚMERO DE CONTROL DEL SISTEMA |
| Número de control de sistema |
UPN01000008581 |
| 040 ## - FUENTE DE LA CATALOGACIÓN |
| Centro catalogador/agencia de origen |
MX-MxUPN |
| Lengua de catalogación |
spa |
| Centro/agencia transcriptor |
MX-MxUPN |
| 041 ## - CÓDIGO DE IDIOMA |
| Código de lengua del texto/banda sonora o título independiente |
spa |
| Código de lengua original |
fre |
| 050 #4 - SIGNATURA TOPOGRÁFICA DE LA BIBLIOTECA DEL CONGRESO |
| Número de clasificación |
LB1620 |
| Número de documento/Ítem |
H9.28 |
| 100 1# - ASIENTO PRINCIPAL--NOMBRE PERSONAL |
| Nombre de persona |
Huguenin, Elisabeth |
| 9 (RLIN) |
53304 |
| 245 13 - MENCIÓN DE TÍTULO |
| Título |
La coeducación de sexos : |
| Resto del título |
experiencias y reflexiones |
| 250 ## - MENCIÓN DE EDICIÓN |
| Mención de edición |
Primera edición |
| 260 ## - PUBLICACIÓN, DISTRIBUCIÓN, ETC. |
| Lugar de publicación, distribución, etc. |
Madrid : |
| Nombre del editor, distribuidor, etc. |
Espasa-Calpe : |
| -- |
Ediciones de la Lectura |
| Fecha de publicación, distribución, etc. |
1932. |
| 300 ## - DESCRIPCIÓN FÍSICA |
| Extensión |
193 páginas |
| 490 0# - MENCIÓN DE SERIE |
| Mención de serie |
Ciencia y educación. Educadores |
| 650 #7 - ASIENTO SECUNDARIO DE MATERIA - TERMINO TEMATICO |
| Término de materia o nombre geográfico como elemento de entrada |
Coeducación |
| 9 (RLIN) |
442 |
| 700 1# - ASIENTO SECUNDARIO--NOMBRE DE PERSONAL |
| 9 (RLIN) |
30643 |
| Nombre de persona |
Comas, Juan, |
| Fechas asociadas al nombre |
1900-1979 |
| Término indicativo de función/relación |
traducción |
| 710 2# - ASIENTO SECUNDARIO - NOMBRE CORPORATIVO |
| Nombre de entidad corporativa o nombre de jurisdicción como elemento de entrada |
Instituto Nacional de Pedagogía (México) |
| Término indicativo de función/relación |
propietario anterior |
| 9 (RLIN) |
28088 |
| 710 2# - ASIENTO SECUNDARIO - NOMBRE CORPORATIVO |
| 9 (RLIN) |
51335 |
| Nombre de entidad corporativa o nombre de jurisdicción como elemento de entrada |
Museo Pedagógico Nacional (México) |
| Término indicativo de función/relación |
propietario anterior |
| 902 ## - ELEMENTOS DE DATOS B LOCAL, LDB (RLIN) |
| Modificó |
MaríaRobles/280824 |
| 905 ## - TIPO DE MATERIAL |
| Tipo de material |
Libro |
| 942 ## - ELEMENTOS DE PUNTO DE ACCESO ADICIONAL (KOHA) |
| Fuente del sistema de clasificación o colocación |
Library of Congress Classification |
| Tipo de ítem Koha |
Libro |
| Suprimir en OPAC |
No |